STN EN 1943: 2003 (77 0874), Samolepiace pásky. Meranie odolnosti proti šmyku pri statickom zaťažení

Bibliographic Details
Format: Book
Language:Undetermined
Published: Bratislava Slovenský ústav technickej normalizácie 2003
Subjects:

MARC

LEADER 00000nam a2200000 a 4500
001 vtls001471086
003 SK-MaSNL
005 20260302040443.0
008 160624s2004 xo u 00000 und
035 |a SNK000426389 
040 |a SNK  |b slo  |c SNK  |e AACR2 
044 |a xo  |c SK 
046 |a s  |m 200311 (účin.) 
072 7 |a 665  |x Oleje. Tuky. Vosky. Spojivá. Živice  |2 konspekt 
072 7 |a 621  |x Strojárstvo  |2 konspekt 
072 7 |a 620.1/.2  |x Náuka o materiáli  |2 konspekt 
080 |a 665.93:62-418  |2 2001 
080 |a 621.792  |2 2001 
080 |a 620.17  |2 2001 
080 |a 006.86  |2 2001 
080 |a (437.6)  |2 2001 
080 |a (4)  |2 2001 
080 |a (083)  |2 2001 
130 0 |a STN 77 0874 (STN EN 1943)  |9 690789 
245 1 0 |a STN EN 1943: 2003 (77 0874), Samolepiace pásky. Meranie odolnosti proti šmyku pri statickom zaťažení 
246 1 0 |a Samolepiace pásky 
246 1 0 |a Meranie odolnosti proti šmyku pri statickom zaťažení 
260 |a Bratislava  |b Slovenský ústav technickej normalizácie  |c 2003 
500 |a Táto norma nahrádza STN EN 1943 z februára 2001 v celom rozsahu 
540 |a STN vydané na akomkoľvek nosiči sa môžu rozmnožovať a rozširovať iba so súhlasom určenej právnickej osoby  |b SÚTN Bratislava  |c zákon 264/1999 Z. z. 
650 0 7 |a lepidlá  |2 SNKPH  |9 3612 
650 0 7 |a lepiace pásky  |2 SNKPH  |9 340193 
650 0 7 |a lepenie  |2 SNKPH  |9 1564 
650 0 7 |a skúšanie mechanických vlastností materiálov  |2 SNKPH  |9 67997 
650 0 7 |a technické normy a štandardy  |z Slovensko  |2 SNKPH  |9 79594 
650 0 7 |a technické normy a štandardy  |z krajiny Európskej únie  |2 SNKPH  |9 289341 
650 0 7 |a Adhesives  |2 SNKPHeng  |9 324331 
650 0 7 |a Adhesive tapes  |2 SNKPHeng  |9 340194 
650 0 7 |a Gluing  |2 SNKPHeng  |9 325190 
650 0 7 |a Testing of mechanical properties of materials  |2 SNKPHeng  |9 135341 
655 7 |a normy  |2 SNKPH  |9 70643 
999 |c 1074688  |d 1076618 
952 |t P60, <03>, [BOOK], {603}  |a SNK  |b SNK  |y PREZ  |7 0  |p 17A0419934  |o snkSTN EN 1943  |i snkN 1247/2004  |0 0  |1 0  |4 0  |d 2004-03-16  |l 0  |r 2005-01-02 00:00:00  |w 2026-02-24 
952 |t P66, <07>, [BOOK], {667}  |a SNK  |b SNK  |y PREZ  |7 0  |p 17A0419935  |o snkSTN EN 1943 D1  |i snkN 1248/2004  |0 0  |1 0  |4 0  |d 2004-03-16  |l 0  |r 2005-01-02 00:00:00  |w 2026-02-24